00389nam a2200133 a 45000010010000000030011000100080041000210350026000620820014000881000024001022450051001262600043001776500035002200000-8595ELIB.Books110520 1986  a(ELIB.Books)0000-8741 a241 bChi aChildress, James F. aThe Westminster Dictionary of Christian Ethics bPhiladelphia: Westminster Press c1986 aDictionary of Christian Ethics